|
|
|
|
| LEADER |
00000nam0a2200000 4500 |
| 001 |
362715 |
| 005 |
20231102011522.0 |
| 035 |
|
|
|a (RuTPU)RU\TPU\retro\20061
|
| 090 |
|
|
|a 362715
|
| 100 |
|
|
|a 20210823d1980 m y0rusy50 ca
|
| 101 |
0 |
|
|a rus
|
| 102 |
|
|
|a RU
|
| 105 |
|
|
|a y j 001zy
|
| 200 |
1 |
|
|a Организация эксплуатационного обслуживания и ремонта в энергетике
|e учебное пособие
|f В. Г. Кузьмин, В. Т. Мелехин, Ю. П. Алексеев
|g Ленинградский инженерно-экономический институт им. Пальмиро Тольятти
|
| 210 |
|
|
|a Ленинград
|c [Б. и.]
|d 1980
|
| 215 |
|
|
|a 68 с.
|
| 320 |
|
|
|a Библиогр.: с. 66
|
| 606 |
1 |
|
|a Энергетическое оборудование
|x Ремонт
|2 stltpush
|3 (RuTPU)RU\TPU\subj\21331
|9 46348
|
| 610 |
1 |
|
|a энергетические предприятия
|
| 610 |
1 |
|
|a промышленные предприятия
|
| 610 |
1 |
|
|a технологические процессы
|
| 610 |
1 |
|
|a тепловые электрические станции
|
| 610 |
1 |
|
|a тепловые электрические сети
|
| 610 |
1 |
|
|a атомные электрические станции
|
| 610 |
1 |
|
|a гидроэлектростанции
|
| 610 |
1 |
|
|a электрохозяйство
|
| 610 |
1 |
|
|a энергетика
|
| 610 |
1 |
|
|a противоаварийные работы
|
| 610 |
1 |
|
|a аварии
|
| 610 |
1 |
|
|a брак
|
| 610 |
1 |
|
|a характеристики
|
| 610 |
1 |
|
|a учебные пособия
|
| 675 |
|
|
|a 620.9.002.5:658(075.8)
|v 4
|
| 700 |
|
1 |
|a Кузьмин
|b В. Г.
|g Василий Георгиевич
|
| 701 |
|
1 |
|a Мелехин
|b В. Т.
|g Виктор Терентьевич
|
| 701 |
|
1 |
|a Алексеев
|b Ю. П.
|g Юрий Петрович
|
| 712 |
0 |
2 |
|a Ленинградский инженерно-экономический институт им. Пальмиро Тольятти
|c (1930-1991)
|2 stltpush
|3 (RuTPU)RU\TPU\col\2563
|9 23708
|
| 801 |
|
1 |
|a RU
|b 63413507
|c 20210823
|
| 801 |
|
2 |
|a RU
|b 63413507
|c 20210823
|g RCR
|
| 942 |
|
|
|c BK
|